000 00385nam a2200169Ia 4500
008 230524s9999 xx 000 0 und d
020 _a812190210X
082 _a539
_bMUR
100 _aR.Murugesham
245 0 _aModern Physics
250 _a1ST
260 _aNEW DELHI
_bS.Chand
_c2005
300 _aVIII;815
500 _aQuantity Number: 5
650 _aPhysics
942 _cBK
999 _c17623
_d17623